000 01178nam a2200301Ia 4500
001 ebr10271768
003 CaPaEBR
006 m u
007 cr cn|||||||||
008 100208s2008 nyu s 001 0 eng d
010 _z 2007051366
020 _z9780814410684
040 _aCaPaEBR
_cCaPaEBR
035 _a(OCoLC)273980523
050 1 4 _aBF637.S8
_bW526 2008eb
100 1 _aWilson, Jerry S.
245 1 0 _aManaging brand you
_h[electronic resource] :
_bseven steps to creating your most successful self /
_cJerry S. Wilson and Ira Blumenthal.
260 _aNew York :
_bAMACOM/American Management Association,
_cc2008.
300 _axii, 236 p.
500 _aIncludes bibliographical references.
533 _aElectronic reproduction.
_bPalo Alto, Calif. :
_cebrary,
_d2010.
_nAvailable via World Wide Web.
_nAccess may be limited to ebrary affiliated libraries.
650 0 _aSuccess.
650 0 _aBranding (Marketing)
655 7 _aElectronic books.
_2local
700 1 _aBlumenthal, Ira.
710 2 _aebrary, Inc.
856 4 0 _uhttp://site.ebrary.com/lib/rucke/Doc?id=10271768
_zAn electronic book accessible through the World Wide Web; click to view
999 _c8535
_d8535